| 000 | 00910nam a22002537a 4500 | ||
|---|---|---|---|
| 001 | 9701 | ||
| 003 | FISKH | ||
| 005 | 20260130085627.0 | ||
| 008 | 260130b cb ||||| |||| 00| 0 eng d | ||
| 020 | _a9781526617187 | ||
| 040 |
_aFISKH _beng _cFISKH _dFISKH |
||
| 050 | _aPZ7 .M111575 .C | ||
| 082 | _a813.6 | ||
| 100 | _aMaas, Sarah J. | ||
| 245 |
_aA court of frost and starlight / _cSarah J. Maas |
||
| 250 | _aThis edition published in 2023 | ||
| 260 |
_aLondon : _bBloomsbury, _c2017 |
||
| 300 |
_a233 pages : _c20 cm |
||
| 490 |
_aA Court of Thorns and Roses : _vBook four |
||
| 520 | _a"As Feyre navigates her first Winter Solstice as High Lady, she finds that those dearest to her have more wounds than she anticipated--scars that will have far-reaching impact on the future of their Court"-- | ||
| 650 |
_aFantasy _vFiction _xRomance _yYoung Adult |
||
| 942 |
_2ddc _cBK _n0 |
||
| 999 |
_c9701 _d9701 |
||